000 00439nam a2200169Ia 4500
008 230711s9999||||xx |||||||||||||| ||und||
020 _a978-1-25-902673-7
041 _aENG
082 _a658.4034
_bJH-O
100 _aJha,Pardeep J
245 0 _aOperations research
250 _a1st Ed.
260 _c2014
_aNew Delhi
_bMcGraw Hill Education(India) Private Limited
300 _a575p.
650 _aMechanical Engineering
942 _cBK
999 _c9466
_d9466